000 00758nam a2200229 u 4500
001 000003061
003 DO-SdBNP
005 20211028094325.0
007 ta
008 090706s2000 dr a r 000 0 spa d
040 _aDO-SdBNP
_bspa
_cBNPHU
082 4 _222
_bR666t
100 1 _aRobiou Lamarche, Sebastián
_99669
245 1 0 _aDe la trinitaria a la cuaternidad :
_bel simbolismo esóterico de la Capilla del Rosario /
_cSebastián Robiou Lamarche.
260 _aSanto Domingo :
_bLa Unión,
_c2000.
300 _a49 p. :
_bil. ;
_c22 cm.
500 _aIglesia del Convento de los Dominicos
504 _aIncluye referencias bibliográficas y notas al pie de las páginas
590 _aInventariado, 2020/BT
910 _aBtavárez
942 _2ddc
_cLBS1
999 _c2892
_d2892